000 00780cam a22002651 4500
001 30328
003 BD-RjUL
005 20211209051539.0
008 140409s1926 xx 001 0 eng
035 _a(BD-RjUL)30413
035 _a(OCoLC)3647600
040 _aDLC
_cNNL
_dDLC
_beng
041 _aeng
082 _a160
_bJOP 1926
100 1 _aJoyce, George Hayward,
_d1864-1943.
_992194
245 1 0 _aPrinciples of logic /
_cGeorge Hayward Joyce, s. j. ...
250 _a2nd ed., new impression.
260 _aLondon :
_aNew York [etc.] :
_bLongmans, Green and co., ltd.,
_c1926.
300 _axx, 250 p. :
_bill. ;
_c22cm.
490 0 _aStonyhurst philosophical series
504 _aincludes index
650 0 _aLogic
_992195
942 _2ddc
_cBK
999 _c30328
_d30328